| 000 | 00416nam a22001697a 4500 | ||
|---|---|---|---|
| 003 | CEME | ||
| 005 | 20210628205432.0 | ||
| 008 | 210316b xxu||||| |||| 00| 0 eng d | ||
| 020 | _a0-201-88370-8 | ||
| 040 | _c. | ||
| 082 | _a004.028 DAY'P | ||
| 100 |
_aDavis, Jack Dayton, Linnea _975545 |
||
| 245 | _aThe photo shop3 wow book | ||
| 260 |
_aNEWYORK _bPEACHPIT PRESS _c1996 |
||
| 300 | _a288P | ||
| 942 |
_cBK _2ddc |
||
| 999 |
_c580942 _d580942 |
||